[Event "CN Seniori 2012"]
[Site "Sarata Monteoru/Romania"]
[Date "2012.02.16"]
[Round "5.40"]
[White "David, Bogdan-Emanuel"]
[Black "Anuta, Elefterie-Laurentiu"]
[Result "1/2-1/2"]
[WhiteElo "1667"]
[BlackElo "2017"]
[PlyCount "88"]
[EventDate "2012.??.??"]

1. e4 e6 2. d3 c5 3. g3 b6 4. Bg2 Bb7 5. Nf3 Be7 6. O-O d6 7. Nbd2 Nf6 8. b3
O-O 9. Bb2 Qc7 10. Re1 e5 11. Nf1 Nc6 12. Ne3 Bc8 13. Nh4 Be6 14. Nd5 Qd7 15.
Nxe7+ Nxe7 16. f4 Bg4 17. Qc1 Bh3 18. fxe5 dxe5 19. Bxe5 Bxg2 20. Kxg2 Ng4 21.
Bb2 f6 22. Nf3 Nc6 23. Qf4 Nge5 24. Nxe5 fxe5 25. Qe3 Nd4 26. Bxd4 cxd4 27. Qe2
a5 28. a4 Rf6 29. Rf1 Raf8 30. Rxf6 Rxf6 31. Rf1 Rh6 32. Rf5 Qe7 33. Rf2 Rc6
34. Qf3 Rf6 35. Qg4 Rxf2+ 36. Kxf2 h6 37. Qc8+ Kh7 38. Qc6 Qg5 39. Qc8 Qe3+ 40.
Kg2 Qe2+ 41. Kh3 Qh5+ 42. Kg2 Qe2+ 43. Kg1 Qe1+ 44. Kg2 Qe2+ 1/2-1/2

[Event "CN Seniori 2012"]
[Site "Sarata Monteoru/Romania"]
[Date "2012.02.16"]
[Round "5.41"]
[White "Tomici, Stefan"]
[Black "Vrencian, Lehel"]
[Result "1-0"]
[WhiteElo "2147"]
[BlackElo "1874"]
[PlyCount "53"]
[EventDate "2012.??.??"]

1. e4 c5 2. Nf3 d6 3. c3 Nf6 4. h3 Nc6 5. Bd3 e5 6. O-O g6 7. Bc2 Bg7 8. d4 O-O
9. Re1 h6 10. a4 Nh5 11. dxc5 dxc5 12. Qxd8 Rxd8 13. Be3 b6 14. Bb3 Nf6 15.
Nfd2 Na5 16. Ba2 Bb7 17. f3 Rac8 18. Nc4 Nc6 19. Nba3 Ba6 20. Nb5 Ne8 21. Rad1
Bxb5 22. axb5 Ne7 23. Kf1 Kf8 24. Ke2 Ng8 25. Bf2 Ke7 26. Bh4+ g5 27. Bg3 1-0

[Event "CN Seniori 2012"]
[Site "Sarata Monteoru/Romania"]
[Date "2012.02.16"]
[Round "5.42"]
[White "Mongescu, Lucian"]
[Black "Andrei, Gheorghe"]
[Result "1-0"]
[WhiteElo "1984"]
[BlackElo "1777"]
[PlyCount "145"]
[EventDate "2012.??.??"]

1. d4 f5 2. c4 Nf6 3. Nc3 e6 4. Nf3 c6 5. Bf4 d5 6. Ne5 Be7 7. e3 O-O 8. Be2
Nbd7 9. O-O Ne4 10. h3 Ndf6 11. Qc2 Qe8 12. Bf3 Nd7 13. Be2 Nxe5 14. Bxe5 Qg6
15. Qd1 Bd7 16. Kh2 Bd6 17. Bxd6 Nxd6 18. c5 Ne4 19. Bf3 Rf6 20. Ne2 Qh6 21. g3
g5 22. Bg2 Be8 23. f3 Nxg3 24. Nxg3 f4 25. exf4 gxf4 26. Ne2 Bg6 27. Qe1 Bf5
28. Qf2 Rg6 29. Rg1 Kf7 30. Bf1 Rh8 31. Rxg6 hxg6 32. Ng1 Qg5 33. Re1 Rh5 34.
Bg2 Qh6 35. Re5 Rg5 36. Ne2 Rh5 37. Qf1 Rh4 38. Ng1 Qg5 39. Qe1 Rh5 40. a3 a6
41. b4 Qf6 42. Qf2 Rg5 43. Ne2 Bd3 44. Rxg5 Qxg5 45. Ng1 Qf6 46. h4 g5 47. hxg5
Qxg5 48. Nh3 Qf6 49. Qd2 Qxd4 50. Qxf4+ Qxf4+ 51. Nxf4 Bc2 52. Bf1 e5 53. Bd3
Bd1 54. Be2 Bc2 55. Nd3 Kf6 56. Kg3 Bb1 57. Kf2 Ke6 58. Ke3 Kf5 59. Nc1 Ke6 60.
Bd3 Bxd3 61. Nxd3 Kf5 62. Nb2 d4+ 63. Ke2 e4 64. fxe4+ Kxe4 65. Nc4 d3+ 66. Kd2
Kd4 67. Na5 Ke4 68. Nxb7 Kd4 69. Na5 Ke4 70. Nxc6 Kd5 71. Nb8 Kc4 72. c6 Kb3
73. c7 1-0

[Event "CN Seniori 2012"]
[Site "Sarata Monteoru/Romania"]
[Date "2012.02.16"]
[Round "5.44"]
[White "Costachi, Mihnea"]
[Black "Mihalea, Stefan"]
[Result "1-0"]
[WhiteElo "1937"]
[BlackElo "1723"]
[PlyCount "83"]
[EventDate "2012.??.??"]

1. d4 g6 2. c4 Bg7 3. Nc3 d6 4. e4 Nd7 5. Be2 c5 6. d5 Ngf6 7. Bg5 O-O 8. Qd2
Ne8 9. Bh6 f5 10. h4 Ndf6 11. h5 Nxe4 12. Nxe4 fxe4 13. hxg6 Bf5 14. gxh7+ Kh8
15. Nh3 Bxh6 16. Qxh6 Rf6 17. Qd2 Ng7 18. g4 Bg6 19. O-O-O Qf8 20. Rde1 e6 21.
Qh6 exd5 22. g5 Nf5 23. Qxf8+ Rfxf8 24. Nf4 Ne7 25. Nxd5 Nxd5 26. cxd5 Rxf2 27.
Bh5 Bxh5 28. Rxh5 Rf4 29. Rh6 Rd8 30. Reh1 Rg4 31. g6 b5 32. Kd2 a5 33. R1h4
Rxh4 34. Rxh4 Kg7 35. Rg4 Re8 36. Ke3 Rc8 37. Kxe4 c4 38. Kf5 Re8 39. Re4 Rf8+
40. Kg5 Rf1 41. Re7+ Kf8 42. Rf7+ 1-0

[Event "CN Seniori 2012"]
[Site "Sarata Monteoru/Romania"]
[Date "2012.02.16"]
[Round "5.45"]
[White "Moldoveanu, Paul"]
[Black "Arghirescu, Marius"]
[Result "0-1"]
[WhiteElo "1859"]
[BlackElo "1921"]
[PlyCount "100"]
[EventDate "2012.??.??"]

1. e4 e5 2. Nf3 Nc6 3. Bb5 a6 4. Ba4 Nf6 5. O-O b5 6. Bb3 Be7 7. Re1 d6 8. c3
O-O 9. d3 Na5 10. Bc2 c5 11. Nbd2 Nc6 12. Nf1 Qc7 13. Bg5 Ne8 14. Qd2 f5 15.
exf5 Bxf5 16. h3 Qd7 17. Bxe7 Qxe7 18. Ng5 Nf6 19. Bb3+ Kh8 20. Ng3 Bg6 21. Ne6
Rfe8 22. Nf4 Ra7 23. Nxg6+ hxg6 24. Qg5 d5 25. Qxg6 Qf7 26. Qxf7 Rxf7 27. Nf5
Rd7 28. a4 b4 29. Bd1 g6 30. Ng3 a5 31. Bf3 Kg7 32. c4 Nd4 33. Bd1 dxc4 34.
dxc4 e4 35. Nf1 Rde7 36. Ne3 Rd8 37. Kf1 Rd6 38. Be2 Nd7 39. Nd5 Rf7 40. Ne3
Ne5 41. Ng4 Nxg4 42. Bxg4 Rdf6 43. f3 exf3 44. gxf3 Nxf3 45. Re6 Nh2+ 46. Kg2
Nxg4 47. Rae1 Rf2+ 48. Kg3 Nh6 49. R1e2 R2f3+ 50. Kh4 Nf5+ 0-1

[Event "CN Seniori 2012"]
[Site "Sarata Monteoru/Romania"]
[Date "2012.02.16"]
[Round "5.45"]
[White "Mirauta, Stefano-Marius"]
[Black "Rusa, Antonio"]
[Result "1-0"]
[WhiteElo "1823"]
[BlackElo "1902"]
[PlyCount "105"]
[EventDate "2012.??.??"]

1. e4 e6 2. d4 d5 3. exd5 exd5 4. c4 c6 5. Nc3 Bb4 6. a3 Ba5 7. b4 Bc7 8. cxd5
cxd5 9. Be2 Be6 10. Nf3 Nf6 11. Qa4+ Nbd7 12. Be3 O-O 13. O-O a6 14. Rac1 b5
15. Qc2 Rc8 16. Bd3 Nb6 17. Ng5 h6 18. Nxe6 fxe6 19. Qe2 Qd6 20. g3 Nfd7 21.
Bxb5 Nb8 22. Bd3 Nc4 23. Bxc4 dxc4 24. Ne4 Qd5 25. Nc5 a5 26. Qxc4 axb4 27.
axb4 Qxc4 28. Rxc4 Bd6 29. Rfc1 Rfe8 30. Nb7 Rxc4 31. Rxc4 Be7 32. b5 Nd7 33.
Bf4 Nb6 34. Rc6 Nd5 35. Rxe6 Nxf4 36. gxf4 Kf7 37. Nd6+ Kxe6 38. Nxe8 Bd8 39.
Nxg7+ Kd5 40. Nf5 Ke4 41. Nxh6 Kxf4 42. d5 Bb6 43. h4 Ke5 44. h5 Kxd5 45. Ng8
Ke6 46. h6 Kf7 47. h7 Kg7 48. Nf6 Bd4 49. h8=Q+ Kxh8 50. Nd7 Kg7 51. b6 Kf7 52.
b7 Ba7 53. b8=Q 1-0

[Event "CN Seniori 2012"]
[Site "Sarata Monteoru/Romania"]
[Date "2012.02.16"]
[Round "5.47"]
[White "Baciu, Radu-George"]
[Black "Badelita, Beniamin"]
[Result "1-0"]
[WhiteElo "1767"]
[BlackElo "1945"]
[PlyCount "39"]
[EventDate "2012.??.??"]

1. e4 c6 2. d4 d5 3. Nc3 dxe4 4. Nxe4 Nd7 5. Nf3 Ngf6 6. Nxf6+ Nxf6 7. Bc4 e6
8. O-O Be7 9. c3 O-O 10. Bb3 Qc7 11. Bc2 h6 12. Qd3 b6 13. Ne5 c5 14. Bxh6 cxd4
15. Bxg7 Ba6 16. Qh3 Nh5 17. Qxh5 Kxg7 18. Qg4+ Kf6 19. Qf4+ Kg7 20. Qg3+ 1-0

[Event "CN Seniori 2012"]
[Site "Sarata Monteoru/Romania"]
[Date "2012.02.16"]
[Round "5.48"]
[White "Pisu, Robert-Daniel"]
[Black "Rusu, Vasile"]
[Result "1-0"]
[WhiteElo "2037"]
[BlackElo "1760"]
[PlyCount "85"]
[EventDate "2012.??.??"]

1. d4 d5 2. c4 e6 3. Nf3 Nf6 4. Bf4 Nc6 5. e3 Bb4+ 6. Nbd2 Be7 7. a3 Nh5 8. Bg3
Nxg3 9. hxg3 Nb8 10. Qc2 g6 11. Ne5 Nd7 12. Ndf3 Bf6 13. Nxd7 Bxd7 14. c5 c6
15. e4 dxe4 16. Qxe4 Qc7 17. Ne5 Ke7 18. f4 b6 19. Be2 bxc5 20. dxc5 Bxe5 21.
fxe5 h5 22. Qh4+ Kf8 23. Qf6 Kg8 24. O-O Rh7 25. Rad1 Re8 26. Rd6 Bc8 27. Rfd1
Rh8 28. Bf3 Kh7 29. Bxc6 Re7 30. b4 Rf8 31. b5 Kg8 32. Kh2 Qxd6 33. cxd6 Rd7
34. Bxd7 Bxd7 35. a4 a6 36. Qe7 Bxb5 37. axb5 axb5 38. d7 b4 39. Qxf8+ Kh7 40.
Qxf7+ Kh6 41. d8=R b3 42. Rh8+ Kg5 43. Qf4# 1-0

[Event "CN Seniori 2012"]
[Site "Sarata Monteoru/Romania"]
[Date "2012.02.16"]
[Round "5.49"]
[White "Jugaru, Lucian"]
[Black "Nistor, Stefan"]
[Result "1-0"]
[WhiteElo "2013"]
[BlackElo "1707"]
[PlyCount "69"]
[EventDate "2012.??.??"]

1. e4 c5 2. Nf3 e6 3. d3 Nc6 4. g3 g6 5. Bg2 Bg7 6. O-O d6 7. a4 Nge7 8. c3 O-O
9. Re1 Qc7 10. Nbd2 d5 11. Qe2 dxe4 12. dxe4 e5 13. Nc4 Be6 14. Nfd2 b6 15. Ne3
Rad8 16. Ndc4 Rd7 17. Bd2 Rfd8 18. Rad1 Qc8 19. Bc1 Qa6 20. Rxd7 Rxd7 21. b3
Na5 22. Nxa5 Qxa5 23. Qc2 b5 24. axb5 Qxb5 25. c4 Qb4 26. Rd1 Rb7 27. Rd8+ Bf8
28. Nd5 Qe1+ 29. Bf1 Bh3 30. Nxe7+ Rxe7 31. Rd1 Qa5 32. Bxh3 Qb6 33. Bd7 Qb7
34. Qd3 a6 35. Bg5 1-0

[Event "CN Seniori 2012"]
[Site "Sarata Monteoru/Romania"]
[Date "2012.02.16"]
[Round "5.52"]
[White "Scripcaru, George-Daniel"]
[Black "Mardan, Cristian"]
[Result "1-0"]
[WhiteElo "1907"]
[BlackElo "1556"]
[PlyCount "83"]
[EventDate "2012.??.??"]

1. Nc3 d5 2. e4 dxe4 3. Nxe4 Bf5 4. Ng3 Bg6 5. Nf3 Nf6 6. d4 e6 7. Bd3 Bxd3 8.
Qxd3 h6 9. O-O Bd6 10. Qb5+ Nbd7 11. Qxb7 O-O 12. Qb3 Re8 13. Re1 Bxg3 14. hxg3
Ng4 15. Bf4 g5 16. Be3 Qf6 17. Qd3 Rab8 18. b3 Qg7 19. Qe2 Qg6 20. Ne5 Ndxe5
21. dxe5 Qh5 22. Qf3 Rf8 23. Bd4 Qh2+ 24. Kf1 Qh5 25. Ke2 f5 26. Rh1 Qg6 27.
Qc3 h5 28. f3 Nh6 29. Rad1 f4 30. gxf4 gxf4 31. Kd2 Rbd8 32. Ke1 Kh8 33. Bf2
Rc8 34. Bh4 Nf5 35. Bf6+ Kg8 36. Qc6 Qf7 37. Rd7 Qe8 38. Rxh5 Qxh5 39. Qxe6+
Rf7 40. Rxf7 Qxf7 41. Qxc8+ Kh7 42. Qxf5+ 1-0

[Event "CN Seniori 2012"]
[Site "Sarata Monteoru/Romania"]
[Date "2012.02.16"]
[Round "5.55"]
[White "Gavrilescu, David"]
[Black "Balea, Dumitru-Lucian"]
[Result "1-0"]
[WhiteElo "1800"]
[BlackElo "1490"]
[PlyCount "73"]
[EventDate "2012.??.??"]

1. e4 d6 2. d4 Nf6 3. Nc3 g6 4. f4 Bg7 5. Nf3 Bg4 6. Bd3 e6 7. O-O a6 8. h3
Bxf3 9. Qxf3 Nfd7 10. e5 d5 11. f5 gxf5 12. Nxd5 Nxe5 13. dxe5 Qxd5 14. Qxd5
exd5 15. Rxf5 Rf8 16. Rg5 Bh6 17. Rh5 Bxc1 18. Rxc1 Nc6 19. Re1 O-O-O 20. e6
fxe6 21. Rxe6 Nb4 22. Rxh7 Nxd3 23. cxd3 Rd7 24. Rhe7 Rxe7 25. Rxe7 Kd8 26. Rh7
Re8 27. Kf2 Re7 28. Rxe7 Kxe7 29. g4 c5 30. Ke3 b5 31. b3 Ke6 32. Kf4 Kf6 33.
g5+ Kg6 34. h4 a5 35. Ke5 c4 36. dxc4 dxc4 37. bxc4 1-0

[Event "CN Seniori 2012"]
[Site "Sarata Monteoru/Romania"]
[Date "2012.02.16"]
[Round "5.56"]
[White "Coman, Liviu"]
[Black "Puscas, Filip-Andrei"]
[Result "1-0"]
[WhiteElo "1794"]
[BlackElo "1420"]
[PlyCount "55"]
[EventDate "2012.??.??"]

1. e4 e5 2. Nf3 Nc6 3. Bc4 Nf6 4. Ng5 d5 5. exd5 Nd4 6. c3 b5 7. Bd3 Nxd5 8.
Nxf7 Kxf7 9. cxd4 exd4 10. O-O a6 11. a4 c6 12. axb5 cxb5 13. Bxb5 Bb7 14. Bc4
Qc7 15. Qf3+ Ke8 16. Bxd5 Bxd5 17. Qxd5 Rc8 18. Na3 Bd6 19. g3 Rd8 20. Qe4+ Be7
21. d3 h5 22. Bg5 Rd7 23. Rfe1 Rf8 24. Bxe7 Rxe7 25. Qxd4 g5 26. Nc4 Qd7 27.
Rxe7+ Qxe7 28. Qe5 1-0

[Event "CN Seniori 2012"]
[Site "Sarata Monteoru/Romania"]
[Date "2012.02.16"]
[Round "5.58"]
[White "Baciu, Alexandru"]
[Black "Porfireanu, Serban"]
[Result "1-0"]
[WhiteElo "1688"]
[BlackElo "1927"]
[PlyCount "121"]
[EventDate "2012.??.??"]

1. d4 d5 2. c4 dxc4 3. e3 Nf6 4. Bxc4 e6 5. Nf3 Be7 6. O-O O-O 7. Nc3 b6 8. Qe2
Bb7 9. Bd2 Nbd7 10. Rfd1 c5 11. Rac1 cxd4 12. Nxd4 Bc5 13. Nb3 Qe7 14. Nxc5
Nxc5 15. b4 Nce4 16. Nxe4 Nxe4 17. Be1 Rfd8 18. f3 Nd6 19. Bb3 Nf5 20. a3 Rac8
21. Rxc8 Bxc8 22. Bf2 Qc7 23. e4 Ne7 24. Rxd8+ Qxd8 25. Qd1 Qc7 26. Bg3 Qd7 27.
Qxd7 Bxd7 28. Kf2 Kf8 29. Ke3 Nc6 30. Bd6+ Ke8 31. Kd3 b5 32. a4 bxa4 33. Bd1
a6 34. Kc3 Na7 35. Kb2 Bb5 36. g3 Kd7 37. Bf8 g6 38. Ka3 Nc6 39. Bxa4 e5 40.
Bd1 f5 41. exf5 gxf5 42. Bc5 Nd8 43. Bc2 Ke6 44. g4 fxg4 45. fxg4 Be2 46. Bxh7
Bxg4 47. Bd3 Kd5 48. Bxa6 Bd7 49. h4 Be8 50. Be2 Ne6 51. Be3 Nd4 52. Bxd4 Kxd4
53. h5 e4 54. h6 Bg6 55. Bh5 Bf5 56. Ka4 e3 57. Ka5 Kd5 58. b5 Ke5 59. b6 Kd6
60. Ka6 Kc6 61. Ka7 1-0

[Event "CN Seniori 2012"]
[Site "Sarata Monteoru/Romania"]
[Date "2012.02.16"]
[Round "5.59"]
[White "Ciortan, Mihail"]
[Black "Soare, Flavius-Alexandru"]
[Result "1/2-1/2"]
[WhiteElo "1721"]
[BlackElo "1668"]
[PlyCount "54"]
[EventDate "2012.??.??"]

1. b3 e5 2. Bb2 Nc6 3. c4 Bc5 4. Nc3 Nf6 5. g3 d6 6. Bg2 Bd7 7. d3 O-O 8. Nf3
Re8 9. Qd2 a5 10. e3 Bb4 11. a3 Bxc3 12. Bxc3 Qc8 13. O-O Bh3 14. d4 Bxg2 15.
Kxg2 e4 16. Ng1 Qg4 17. b4 axb4 18. axb4 d5 19. c5 h5 20. Qe2 Qf5 21. b5 Ne7
22. Rxa8 Rxa8 23. f4 Qg4 24. h3 Qxe2+ 25. Nxe2 Ra2 26. Kf2 c6 27. bxc6 bxc6
1/2-1/2

[Event "CN Seniori 2012"]
[Site "Sarata Monteoru/Romania"]
[Date "2012.02.16"]
[Round "5.60"]
[White "Rosca, Grigore"]
[Black "Zlatea, Cezar-Stelian"]
[Result "0-1"]
[WhiteElo "1668"]
[BlackElo "1679"]
[PlyCount "58"]
[EventDate "2012.??.??"]

1. e4 e5 2. f4 Bc5 3. Nf3 d6 4. Bc4 Nc6 5. c3 Bg4 6. b4 Bb6 7. a4 a5 8. b5 Nce7
9. fxe5 Ng6 10. exd6 cxd6 11. d4 Nf6 12. O-O O-O 13. Nbd2 Re8 14. Qb3 Qd7 15.
Ng5 Ne5 16. Ba3 h6 17. h3 hxg5 18. hxg4 Rf8 19. Rf5 Nfxg4 20. Rxg5 Qe7 21. Rh5
g6 22. Rh3 Kg7 23. Rf1 Rh8 24. Bxd6 Qxd6 25. Rff3 Bxd4+ 26. Kf1 Rxh3 27. gxh3
Nh2+ 28. Ke2 Nhxf3 29. Nxf3 Nxf3 0-1

[Event "CN Seniori 2012"]
[Site "Sarata Monteoru/Romania"]
[Date "2012.02.17"]
[Round "6.1"]
[White "Vajda, Levente"]
[Black "Nevednichy, Vladislav"]
[Result "0-1"]
[WhiteElo "2594"]
[BlackElo "2546"]
[Annotator "Robot 8"]
[PlyCount "94"]
[EventDate "2012.??.??"]
[TimeControl "40/5400+30:900+30"]

1. e4 c5 2. Nf3 d6 3. c3 Nf6 4. Bd3 Nc6 5. Bc2 e5 6. d4 cxd4 7. cxd4 Bg4 8. d5
Nd4 9. Bd3 Be7 10. h3 Bxf3 11. gxf3 O-O 12. f4 Nd7 13. Nc3 exf4 14. Bxf4 Ne5
15. Kf1 Bg5 16. Bxe5 dxe5 17. h4 Bh6 18. Ne2 Nf3 19. Ng3 Nxh4 20. Qh5 Ng6 21.
Nf5 Qg5 22. Nxh6+ gxh6 23. Qxh6 Qxh6 24. Rxh6 Kg7 25. Rh1 Nf4 26. Bc4 h5 27.
Rd1 Rad8 28. Kg1 f5 29. Kh2 fxe4 30. Rhe1 Ng6 31. Kg1 Rf4 32. Re3 Nh4 33. Be2
Nf5 34. Rh3 h4 35. Bf1 Kf6 36. Bg2 Rg8 37. d6 Rfg4 38. d7 Rxg2+ 39. Kh1 Rxf2
40. d8=Q+ Rxd8 41. Rxd8 e3 42. Kg1 Rxb2 43. Rf8+ Ke6 44. Rf3 e2 45. Kf2 Rb1 46.
Re8+ Kd5 47. Rd3+ Ke4 0-1

[Event "CN Seniori 2012"]
[Site "Sarata Monteoru/Romania"]
[Date "2012.02.17"]
[Round "6.2"]
[White "Lupulescu, Constantin"]
[Black "Szabo, Gergely-Andras-Gyul"]
[Result "1/2-1/2"]
[WhiteElo "2648"]
[BlackElo "2554"]
[Annotator "Robot 8"]
[PlyCount "55"]
[EventDate "2012.??.??"]
[TimeControl "40/5400+30:900+30"]

1. d4 Nf6 2. c4 e6 3. Nc3 Bb4 4. Nf3 c5 5. g3 cxd4 6. Nxd4 Ne4 7. Qc2 Qa5 8.
Bg2 Nxc3 9. O-O Nc6 10. bxc3 Bxc3 11. Nb3 Nd4 12. Nxd4 Bxd4 13. Rb1 O-O 14. Rd1
Bf6 15. Bf4 d5 16. cxd5 Bd7 17. Bc7 Ba4 18. Qc1 b6 19. Rd3 exd5 20. Bxd5 Rae8
21. e4 Qa6 22. Rf3 Rc8 23. Qf4 Qe2 24. e5 Bd1 25. Re3 Qc2 26. Be4 Qxc7 27. Rxd1
Bxe5 28. Bxh7+ 1/2-1/2

[Event "CN Seniori 2012"]
[Site "Sarata Monteoru/Romania"]
[Date "2012.02.17"]
[Round "6.3"]
[White "Manolache, Marius"]
[Black "Miroiu, George-Catalin"]
[Result "1-0"]
[WhiteElo "2552"]
[BlackElo "2342"]
[Annotator "Robot 8"]
[PlyCount "33"]
[EventDate "2012.??.??"]
[TimeControl "40/5400+30:900+30"]

1. d4 d5 2. Nf3 Nf6 3. c4 c6 4. Nc3 a6 5. a4 e6 6. Bg5 Be7 7. e3 O-O 8. Qc2 c5
9. dxc5 Qa5 10. cxd5 Nxd5 11. Bxe7 Nxe7 12. Ng5 f5 13. Bc4 Nd5 14. Bxd5 exd5
15. Qb3 Qxc5 16. Nxd5 Kh8 17. O-O 1-0

[Event "CN Seniori 2012"]
[Site "Sarata Monteoru/Romania"]
[Date "2012.02.17"]
[Round "6.4"]
[White "Georgescu, Tiberiu-Marian"]
[Black "Jianu, Vlad-Cristian"]
[Result "1/2-1/2"]
[WhiteElo "2415"]
[BlackElo "2508"]
[Annotator "Robot 8"]
[PlyCount "43"]
[EventDate "2012.??.??"]
[TimeControl "40/5400+30:900+30"]

1. d4 Nf6 2. c4 c6 3. Nf3 d5 4. e3 Bg4 5. h3 Bxf3 6. Qxf3 e6 7. Nc3 Nbd7 8. Bd3
Bb4 9. O-O O-O 10. Qd1 Qe7 11. Qb3 dxc4 12. Bxc4 b5 13. Be2 e5 14. dxe5 Nxe5
15. Rd1 Rad8 16. Bd2 Bd6 17. Be1 Ng6 18. Bf3 Ne5 19. Be2 Ng6 20. Bf3 Ne5 21.
Be2 h5 22. Bf3 1/2-1/2

[Event "CN Seniori 2012"]
[Site "Sarata Monteoru/Romania"]
[Date "2012.02.17"]
[Round "6.5"]
[White "Doros, Radu-Marian"]
[Black "Berescu, Alin-Mile"]
[Result "0-1"]
[WhiteElo "2338"]
[BlackElo "2488"]
[Annotator "Robot 8"]
[PlyCount "68"]
[EventDate "2012.??.??"]
[TimeControl "40/5400+30:900+30"]

1. Nf3 d5 2. d4 Nf6 3. c4 e6 4. g3 dxc4 5. Bg2 c5 6. O-O Nc6 7. dxc5 Qxd1 8.
Rxd1 Bxc5 9. Nbd2 Ke7 10. Nxc4 Ne4 11. e3 Rd8 12. Rxd8 Kxd8 13. Ne1 Nf6 14. Nd3
Be7 15. Bxc6 bxc6 16. Nde5 Ke8 17. Nxc6 Ba6 18. N6e5 Ne4 19. b3 Rc8 20. f3 Nd6
21. Bb2 f6 22. Nxd6+ Bxd6 23. Ng4 Be2 24. Kg2 Rc2 25. Bd4 e5 26. Bxa7 e4 27.
Nf2 Be5 28. Bd4 Bxf3+ 29. Kg1 Bxd4 30. exd4 Re2 31. a4 e3 32. Nh3 Rg2+ 33. Kf1
Rxh2 34. Ng1 Be4 0-1

[Event "CN Seniori 2012"]
[Site "Sarata Monteoru/Romania"]
[Date "2012.02.17"]
[Round "6.6"]
[White "Baratosi, Daniel"]
[Black "Spulber, Cicirone"]
[Result "1/2-1/2"]
[WhiteElo "2418"]
[BlackElo "2244"]
[Annotator "Robot 8"]
[PlyCount "60"]
[EventDate "2012.??.??"]
[TimeControl "40/5400+30:900+30"]

1. e4 d5 2. exd5 Qxd5 3. Nc3 Qd6 4. d4 Nf6 5. Be3 c6 6. Qd2 Bf5 7. Nf3 Nbd7 8.
O-O-O e6 9. Nh4 Bg6 10. Nxg6 hxg6 11. Bf4 Qb4 12. Bc7 Nb6 13. a3 Qe7 14. Be5
Qd7 15. Kb1 O-O-O 16. Be2 Bd6 17. Qg5 Qe7 18. h4 Nbd5 19. Nxd5 cxd5 20. Bf3 Ne8
21. Qxe7 Bxe7 22. h5 g5 23. Rc1 f6 24. Bg3 Bd6 25. c4 Bxg3 26. fxg3 Nc7 27.
cxd5 exd5 28. Rhe1 Kd7 29. Bg4+ Kd6 30. Kc2 Rde8 1/2-1/2

[Event "CN Seniori 2012"]
[Site "Sarata Monteoru/Romania"]
[Date "2012.02.17"]
[Round "6.7"]
[White "Miron, Lucian-Costin"]
[Black "Dragomirescu, Robin-Alexandru"]
[Result "1-0"]
[WhiteElo "2525"]
[BlackElo "2340"]
[Annotator "Robot 8"]
[PlyCount "53"]
[EventDate "2012.??.??"]
[TimeControl "40/5400+30:900+30"]

1. Nf3 Nf6 2. g3 g6 3. Bg2 Bg7 4. O-O O-O 5. d4 c5 6. dxc5 Na6 7. Be3 Ne4 8.
Bd4 Nexc5 9. Bxg7 Kxg7 10. c4 d6 11. Nc3 Bd7 12. Qd4+ Kg8 13. Qd2 Bc6 14. Qh6
Ne6 15. Rfd1 Nac5 16. Nd5 Nd7 17. Bh3 f5 18. e4 Bxd5 19. cxd5 Ng7 20. Ng5 Nf6
21. exf5 gxf5 22. Rd4 Qe8 23. Re1 Rc8 24. Rh4 Qg6 25. Rxe7 Nxd5 26. Rxg7+ Qxg7
27. Qe6+ 1-0

[Event "CN Seniori 2012"]
[Site "Sarata Monteoru/Romania"]
[Date "2012.02.17"]
[Round "6.8"]
[White "Filip, Lucian"]
[Black "Florescu, Codrut-Constantin"]
[Result "1/2-1/2"]
[WhiteElo "2490"]
[BlackElo "2282"]
[Annotator "Robot 8"]
[PlyCount "113"]
[EventDate "2012.??.??"]
[TimeControl "40/5400+30:900+30"]

1. Nf3 Nf6 2. c4 e6 3. g3 d5 4. d4 c6 5. Bg2 Nbd7 6. O-O Be7 7. Nc3 dxc4 8. e4
O-O 9. a4 e5 10. dxe5 Ng4 11. Bf4 Qa5 12. e6 fxe6 13. Qe2 Nde5 14. Nxe5 Nxe5
15. Bxe5 Qxe5 16. Kh1 g5 17. Rad1 b6 18. Qh5 Bf6 19. Qg4 Qc7 20. e5 Bxe5 21.
Qxg5+ Kh8 22. Qg4 Rb8 23. Qxc4 c5 24. f4 Bg7 25. Nb5 Qe7 26. b3 Ba6 27. Rfe1 e5
28. fxe5 Rf2 29. Re2 Rbf8 30. Rxf2 Rxf2 31. Qd5 Bxe5 32. Qd8+ Qxd8 33. Rxd8+
Kg7 34. Rd7+ Rf7 35. Rxf7+ Kxf7 36. Bd5+ Kf6 37. Nxa7 Bb8 38. Nc6 Bb7 39. Kg2
Bxc6 40. Bxc6 Be5 41. Kf3 h6 42. Ke4 Bc3 43. Kd5 Ba5 44. Bd7 Kg7 45. g4 Kf6 46.
h4 Be1 47. Kc6 Ba5 48. Bc8 Kg7 49. Bf5 Kf6 50. Bc2 Kg7 51. b4 cxb4 52. Bb3 Kf6
53. Kd6 Kg6 54. Ke6 b5 55. axb5 Bb6 56. Bc2+ Kg7 57. h5 1/2-1/2

[Event "CN Seniori 2012"]
[Site "Sarata Monteoru/Romania"]
[Date "2012.02.17"]
[Round "6.9"]
[White "Dumitrache, Dragos-Nicolae"]
[Black "Prodileanu, Adrian"]
[Result "1-0"]
[WhiteElo "2460"]
[BlackElo "2204"]
[Annotator "Robot 8"]
[PlyCount "109"]
[EventDate "2012.??.??"]
[TimeControl "40/5400+30:900+30"]

1. d4 Nf6 2. c4 e6 3. Nf3 b6 4. g3 Ba6 5. Qa4 Bb7 6. Bg2 c5 7. dxc5 Bxc5 8. O-O
O-O 9. Nc3 Be7 10. Rd1 Na6 11. Bf4 Nc5 12. Qc2 Qc8 13. Rd4 d5 14. cxd5 Nxd5 15.
Nxd5 Bxd5 16. Ng5 Bxg5 17. Bxg5 Bxg2 18. Kxg2 e5 19. Rc4 Qb7+ 20. f3 Ne6 21.
Be3 Rac8 22. Rc1 Rxc4 23. Qxc4 Rd8 24. Kf2 h6 25. a4 Qd7 26. Qc6 Kf8 27. b4
Qxc6 28. Rxc6 Ke7 29. a5 bxa5 30. bxa5 Rd7 31. f4 f6 32. fxe5 fxe5 33. Ra6 Nd4
34. Bd2 Kd8 35. Bc3 Kc8 36. Ke3 Kb7 37. Rg6 a6 38. g4 Nc6 39. Ke4 Rf7 40. Kd5
Rd7+ 41. Rd6 Rc7 42. Ke4 Rf7 43. e3 Kc7 44. Kd5 Rd7 45. Rxd7+ Kxd7 46. Bxe5 g6
47. Bc3 h5 48. gxh5 gxh5 49. Be1 Nd8 50. Ke5 Kc6 51. Kf5 Kb5 52. Kg5 Nc6 53.
Kxh5 Ne5 54. Bc3 Nf3 55. h4 1-0

[Event "CN Seniori 2012"]
[Site "Sarata Monteoru/Romania"]
[Date "2012.02.17"]
[Round "6.10"]
[White "Dobre, Claudiu-Cristian"]
[Black "Cioara, Andrei-Nestor"]
[Result "0-1"]
[WhiteElo "2354"]
[BlackElo "2456"]
[Annotator "Robot 8"]
[PlyCount "174"]
[EventDate "2012.??.??"]
[TimeControl "40/5400+30:900+30"]

1. d4 e6 2. Nf3 Nf6 3. Bg5 c5 4. e3 cxd4 5. exd4 b6 6. Bd3 Bb7 7. O-O Be7 8.
Re1 O-O 9. Nc3 d6 10. Qe2 Nbd7 11. Ne4 Nxe4 12. Bxe7 Qxe7 13. Bxe4 Bxe4 14.
Qxe4 Nf6 15. Qd3 Qc7 16. c3 Rfc8 17. Nd2 b5 18. a4 a6 19. axb5 axb5 20. Rxa8
Rxa8 21. Qxb5 Rb8 22. Qc4 Qxc4 23. Nxc4 d5 24. Ne5 Rxb2 25. Ra1 g5 26. f3 Rb7
27. Kf2 Kg7 28. Ra2 h5 29. Ke3 Rc7 30. Kd3 h4 31. g4 hxg3 32. hxg3 Nh5 33. Rh2
Nf6 34. Ra2 Ng8 35. Ng4 Ne7 36. Ne3 Kg6 37. Ra6 Rb7 38. Kc2 Kg7 39. Ra8 Rc7 40.
Kd3 Nc8 41. Ra6 Na7 42. Rb6 Nc8 43. Ra6 Ne7 44. Ra8 Rb7 45. Kc2 Kg6 46. Ra6 Rc7
47. Kd3 Rc8 48. Ra7 Nc6 49. Ra6 Rc7 50. f4 Ne7 51. fxg5 Kxg5 52. Ra8 Rb7 53.
Kc2 Kg6 54. Ra6 Kg5 55. Ra8 Rc7 56. Kd3 Nc8 57. Ra6 Rb7 58. Kc2 Nb6 59. Ra5 Rc7
60. Kd3 Kg6 61. Ra6 Rb7 62. Kc2 Kg7 63. Kd3 Nd7 64. Ra3 Rb1 65. c4 dxc4+ 66.
Nxc4 Rg1 67. Ke2 Rc1 68. Ra7 Rxc4 69. Rxd7 Rc3 70. d5 e5 71. Kf2 Kg6 72. Rd8 f6
73. Ra8 Rd3 74. Rd8 Kf5 75. Rd6 Kg5 76. Kg2 f5 77. Kf2 e4 78. Kg2 Rd2+ 79. Kh3
f4 80. gxf4+ Kxf4 81. Rd8 e3 82. d6 e2 83. Re8 Kf3 84. Re6 Kf2 85. Rf6+ Ke1 86.
Re6 Kd1 87. Kg4 e1=Q {0-1 Dobre,C (2354)-Cioara,A (2456)/Sarata Monteoru/
Romania 2012/[Robot 8]} 0-1